Molecular psychobiology ; a chemical approach to learning and other behavior.

Bibliographic Details
Main Author: Gaito, John
Format: Book
Language:English
Published: Springfield, Ill. : Thomas, [1966]
Series:American lecture series ; publication no. 661.
American lecture series. American lectures in living chemistry.
Subjects:

MARC

Tag First Indicator Second Indicator Subfields
LEADER 00000cam a2200000 4500
001 in00000052116
005 20151007080325.0
008 720403s1966 eng u
010 |a  66018929  
035 |a (OCoLC)00274294 
035 |9 AAF4616AM 
040 |c CIN  |d TXA  |d UtOrBLW 
049 |a TXAM  |c [463130] 
090 |a QP356.3  |b .G3 
092 |a 156.3  |b G144m 
100 1 |a Gaito, John. 
245 1 0 |a Molecular psychobiology ;  |b a chemical approach to learning and other behavior. 
264 1 |a Springfield, Ill. :  |b Thomas,  |c [1966] 
336 |a text  |b txt  |2 rdacontent 
337 |a unmediated  |b n  |2 rdamedia 
338 |a volume  |b nc  |2 rdacarrier 
490 1 |a American lecture series, publication no. 661. American lectures in living chemistry 
650 0 |a Psychophysiology. 
650 0 |a Molecular biology. 
830 0 |a American lecture series ;  |v publication no. 661. 
830 0 |a American lecture series.  |p American lectures in living chemistry. 
999 |a MARS 
999 f f |s 3b1b098d-8aa3-38ef-89f6-413f64604722  |i 1f3f205d-fcd7-32dc-b0ab-0d378cf45839  |t 0 
952 f f |p ric  |a Texas A&M University  |b Rellis Campus  |c Joint Library Facility  |d Remote Storage  |t 0  |e QP356.3 .G3  |h Library of Congress classification  |i unmediated -- volume  |m A14800527871 
998 f f |a QP356.3 .G3  |t 0  |l Remote Storage